Canti spirituali (Record n. 101412)

Dettagli MARC
000 -LEADER
fixed length control field 01090njm a2200301Ia 4500
001 - CONTROL NUMBER
control field 27493
003 - CONTROL NUMBER IDENTIFIER
control field IT-RoPAU
005 - DATE AND TIME OF LATEST TRANSACTION
control field 20220918181143.0
008 - FIXED-LENGTH DATA ELEMENTS--GENERAL INFORMATION
fixed length control field 131025s9999 xx 000 0 und d
040 ## - CATALOGING SOURCE
Original cataloging agency IT-RoPAU
040 ## - CATALOGING SOURCE
Transcribing agency IT-RoPAU
041 ## - LANGUAGE CODE
Language code of text/sound track or separate title ITALIANO
999 ## - SYSTEM CONTROL NUMBERS (KOHA)
Koha Dewey Subclass [OBSOLETE] n.d.
100 ## - MAIN ENTRY--PERSONAL NAME
Personal name Ceragioli Enzo
9 (RLIN) 1389
100 ## - MAIN ENTRY--PERSONAL NAME
Relator term Autore musica
9 (RLIN) 18290
100 ## - MAIN ENTRY--PERSONAL NAME
Miscellaneous information Codice autore musica SPICS: 13191
9 (RLIN) 1391
245 ## - TITLE STATEMENT
Title Canti spirituali
250 ## - EDITION STATEMENT
Edition statement 1a ed.
260 ## - PUBLICATION, DISTRIBUTION, ETC. (IMPRINT)
Place of publication, distribution, etc. MILANO
260 ## - PUBLICATION, DISTRIBUTION, ETC. (IMPRINT)
Name of publisher, distributor, etc. ECO
Date of publication, distribution, etc. 1969 [1a Ed.:1969 - Ed. Lingua Orig.: 1969]
300 ## - PHYSICAL DESCRIPTION
Extent DISCO
500 ## - GENERAL NOTE
General note Musica religiosa. Canti spirituali. Spirituals
505 ## - FORMATTED CONTENTS NOTE
Formatted contents note Ma il terzo giorno - Voglio ritornare - La fonte - Il mio corpo lascierò - Nessuno sa - Sulla montagna - Se tu vieni - Son io Signor - Tieni viva la tua fiamma - Il piccolo David
650 ## - SUBJECT ADDED ENTRY--TOPICAL TERM
Topical term or geographic name as entry element SPIRITUALS [DISCHI]
Relator term Codice MATERIA SPICS: 9950
9 (RLIN) 1392
700 ## - ADDED ENTRY--PERSONAL NAME
Personal name Costa A.
Relator term Autore testo e musica
Miscellaneous information Codice autore testo/musica SPICS: 13206
9 (RLIN) 18291
700 ## - ADDED ENTRY--PERSONAL NAME
Personal name Varnavà S.
Relator term Autore
Miscellaneous information Codice autore SPICS: 13200
9 (RLIN) 18292
942 ## - ADDED ENTRY ELEMENTS (KOHA)
Koha item type DISCHI
Source of classification or shelving scheme Dewey Decimal Classification
Dati di copia
Withdrawn status Lost status Damaged status Not for loan Home library Current library Date acquired Total Checkouts Full call number Date last seen Price effective from Koha item type Public note
    Buone Condizioni Not For Loan SPICS-MEDIATECA SPICS-MEDIATECA 25/10/2013   27493 25/10/2013 25/10/2013 DISCHI Progr. Ins.: 7050 / N.Vol.: 1 / Copie: 1 - Copia rara: n.d. / date import: 01.01.2014 - By Epidotti, Trombetti, Vaglietti
CREDITS: SOCIETA' SAN PAOLO Via A.Severo, 58 - ROMA (RM) & PERIODICI SAN PAOLO SRL Via Giotto, 36 MILANO & CISF Via Giotto, 36 MILANO & EDIZIONI SAN PAOLO SRL,  Piazza Soncino, 5 CINISELLO BALSAMO (MI) -- ITALY